| 000 | 00512nam a22001697a 4500 | ||
|---|---|---|---|
| 003 | OSt | ||
| 005 | 20250708024404.0 | ||
| 008 | 250708b |||||||| |||| 00| 0 eng d | ||
| 020 | _a978-971-510-268-1 | ||
| 040 |
_aDWC-Main Lib _cOC |
||
| 082 | _aFil. 242.3 F418b 2017 | ||
| 100 | _aFestin, Raymun J. SVD | ||
| 245 |
_aThe black nazarene and philosophy/ _cRaymun J. Festin, SVD |
||
| 260 |
_aSta. Cruz, Manila: _bLogos Publications, _cc2017. |
||
| 300 |
_aix, 495 pages; _c21cm. |
||
| 942 |
_2ddc _cBK - FIL _kFil. _n0 |
||
| 999 |
_c3442 _d3442 |
||